Bharatiya arthaniti : (Record no. 2362)
[ view plain ]
| 000 -LEADER | |
|---|---|
| fixed length control field | 00495cam a2200181ua 4500 |
| 008 - FIXED-LENGTH DATA ELEMENTS--GENERAL INFORMATION | |
| fixed length control field | 110824n ii |||gr||||Z||||||asm |
| 040 ## - CATALOGING SOURCE | |
| Transcribing agency | MAIN |
| 082 ## - DEWEY DECIMAL CLASSIFICATION NUMBER | |
| Classification number | 330.954 |
| 100 1# - MAIN ENTRY--PERSONAL NAME | |
| Personal name | Dhar, Pranab kumar, |
| Relator term | |
| 245 11 - TITLE STATEMENT | |
| Title | Bharatiya arthaniti : |
| Remainder of title | eyar paribordhik rup / |
| Statement of responsibility, etc. | by Pranab Kumar Dhar |
| 250 ## - EDITION STATEMENT | |
| Edition statement | 1st. |
| 260 ## - PUBLICATION, DISTRIBUTION, ETC. | |
| Place of publication, distribution, etc. | New Delhi: |
| Name of publisher, distributor, etc. | kalyani publishers,994. |
| 300 ## - PHYSICAL DESCRIPTION | |
| Extent | xx, 535p: |
| Other physical details | ill; |
| Dimensions | 23cm. |
| 942 ## - ADDED ENTRY ELEMENTS (KOHA) | |
| Koha item type | Books |
| 653 ## - INDEX TERM--UNCONTROLLED | |
| Uncontrolled term | Economics |
| 653 ## - INDEX TERM--UNCONTROLLED | |
| Uncontrolled term | its growing dimensions |
| Withdrawn status | Lost status | Damaged status | Not for loan | Home library | Current library | Shelving location | Date acquired | Total Checkouts | Full call number | Barcode | Date last seen | Date last checked out | Copy number | Price effective from | Koha item type |
|---|---|---|---|---|---|---|---|---|---|---|---|---|---|---|---|
| Central Library, Naharkatiya College | Central Library, Naharkatiya College | General Stacks | 19/09/2020 | 1 | 330.954 | DHA | 2703 | 25/01/2022 | 11/01/2022 | 1 | 19/09/2020 | Books |
